| 000 | 03268cam a2200349 a 4500 | ||
|---|---|---|---|
| 001 | 16250896 | ||
| 003 | OSt | ||
| 005 | 20231123162041.0 | ||
| 008 | 100525s2011 flua b 001 0 eng | ||
| 010 | _a 2010019527 | ||
| 015 |
_aGBB046728 _2bnb |
||
| 016 | 7 |
_a015522901 _2Uk |
|
| 020 | _a9781439824733 (hardcover : alk. paper) | ||
| 020 | _a1439824738 (hardcover : alk. paper) | ||
| 035 | _a(OCoLC)ocn631744868 | ||
| 040 |
_aDLC _cDLC _dC#P _dYDXCP _dUKM _dBWX _dCDX _dSNK _dDLC |
||
| 050 | 0 | 0 |
_aTP155.2.E58 _bG744 2011 |
| 082 | 0 | 0 |
_a660 _bSHA/G |
| 245 | 0 | 0 |
_aGreen chemistry for environmental sustainability / _cedited by Sanjay Kumar Sharma, Ackmez Mudhoo. |
| 260 |
_aBoca Raton : _bCRC Press, _cc2011. |
||
| 300 |
_axvii, 432 p. : _bill. ; _c25 cm. |
||
| 490 | 1 | _aSustainability | |
| 504 | _aIncludes bibliographical references and index. | ||
| 520 | 1 | _a"When the Nobel Prize Committee recognized the importance of green chemistry with its 2005 Nobel Prize for Chemistry, this relatively new science came into its own. Although no concerted agreement has been reached yet about the exact content and limits of this interdisciplinary discipline, there seems to be increasing interest in environmental topics that are based on the chemistry embodied in this subject. Linking green chemistry practice to environmental sustainability, Green Chemistry for Environmental Sustainability illustrates the efforts being made to remediate a scathed environment into a pristine one." "Eminent international experts present research on and the application of green chemistry and engineering in addressing current issues of an environmental and social nature. They cover sustainable development and environmental sustainability with chapters on green chemistry and engineering research; the design and synthesis of environmentally benign chemical processes; green approaches to minimize and/or remediate environmental pollution; the development of biomaterials, biofuel, and bioenergy production; biocatalysis; and policies and ethics in green chemistry. The book also explores economics, environmentally benign technologies for greener processes, computational methods and modeling, and green approaches to minimize air and water." "Green chemistry has brought a relatively prompt and positive paradigm shift in the overall use and management of natural resources and raw materials for the development of society with a subtle promise to cause far less pronounced harm to the environment. This text provides insight into the chemical and biochemical technologies that are being studied, optimized, and eventually developed to promote environmental sustainability. It provides up-to-date information on selected fields where the principles of green chemistry are being embraced for safeguarding and improving the quality of the environment."--BOOK JACKET. | |
| 650 | 0 | _aGreen chemistry. | |
| 700 | 1 |
_aSharma, Sanjay Kumar _c(Assistant professor of botany) _99278 |
|
| 700 | 1 | _aMudhoo, Ackmez. | |
| 830 | 0 | _aSustainability (Boca Raton, Fla.) | |
| 906 |
_a7 _bcbc _corignew _d1 _eecip _f20 _gy-gencatlg |
||
| 942 |
_2ddc _cBK _h660 _iSHA/G _k660 _mSHA/G |
||
| 999 |
_c41868 _d41868 |
||